Na ceste od rozpočtu k trhu. 1

Analýza súčasného stavu ekonomiky nemocníc. Problémy, ktoré sprevádzajú prechod na trhový model financovania. Ekonomizácia prevádzky Nemocnice s poliklinikou Myjava pomocou vlastného vnútroekonomického systému, so zavedením vnútroústavných cien a s úplným sprehľadnením finančných tokov na všetkých p...

ver descrição completa

Na minha lista:
Detalhes bibliográficos
Autor principal: Gálik, J.
Formato: Capítulo de Livro
Idioma:eslovaco
Assuntos:
Tags: Adicionar Tag
Sem tags, seja o primeiro a adicionar uma tag!

MARC

LEADER 00000naa a2200000 4500
001 r025809
005 20230824085341.4
041 0 |a slo 
044 |a SK 
245 1 0 |a Na ceste od rozpočtu k trhu. 1  |c J. Gálik 
520 |a Analýza súčasného stavu ekonomiky nemocníc. Problémy, ktoré sprevádzajú prechod na trhový model financovania. Ekonomizácia prevádzky Nemocnice s poliklinikou Myjava pomocou vlastného vnútroekonomického systému, so zavedením vnútroústavných cien a s úplným sprehľadnením finančných tokov na všetkých pracoviskách. 
610 2 0 |a Slovensko 
610 2 0 |a 1992-1997 
610 2 0 |a zdravotníctvo 
610 2 0 |a nemocnice 
610 2 0 |a financovanie 
610 2 0 |a NsP Myjava 
100 1 |a Gálik, J.